000 00305nam a22001217a 4500
008 180421b xxu||||| |||| 00| 0 eng d
041 _aeng
080 _a043.3
100 _a0
101 _aSHKI-MA
245 _aKercenimet e Sigurise se SIP dhe Mbrojtja nga keto kercenime
_cCakaj, A.G
942 _2udc
_cBK
999 _c45382
_d45382